000 00692na a2200229 4500
001 16715
003 MIRAKIL
005 20181213154951.0
008 161013b tu 000 0
040 _aMilas
_btur
_cTR-AnCHP
082 _a069.5
_bİ77 2013
090 _a069.5 İ77 2013
245 _aİstanbul deniz müzesi
_cYayına hazırlayan Ece Irmak
260 _aİstanbul
_bDeniz Basımevi
_c2013
300 _a296 s.
_brnkl. fotg. ; rnkl. res ; hrt.
_c34 sm.
500 _aYapıt Osmanlı Türkçesi metinler içerir.
504 _aKaynakça var.
650 _aMüzeler
_zİstanbul
651 _aİstanbul
_xDeniz Müzesi
_yKılavuzlar
700 _aIrmak, Ece
942 _2ddc
_cBKS
999 _c4040
_d4040